Pediatrics (National Medical Series for Independent Study) (Record no. 21863)

MARC details
000 -LEADER
fixed length control field 00406nam a22001577a 4500
003 - CONTROL NUMBER IDENTIFIER
control field SGT
020 ## - INTERNATIONAL STANDARD BOOK NUMBER
International Standard Book Number ‎ 978-0683062465
082 ## - DEWEY DECIMAL CLASSIFICATION NUMBER
Classification number 617.632
Item number P92D
100 ## - MAIN ENTRY--PERSONAL NAME
Personal name Paul H. Dworkin
245 ## - TITLE STATEMENT
Title Pediatrics (National Medical Series for Independent Study)
250 ## - EDITION STATEMENT
Edition statement 2nd
260 ## - PUBLICATION, DISTRIBUTION, ETC. (IMPRINT)
Place of publication, distribution, etc Hong, Kong london
Name of publisher, distributor, etc ‎ Williams & Wilkins
Year of Publication 1992
300 ## - PAGE DESCRIPTION
No. of Pages 1-550
650 ## - SUBJECT ADDED ENTRY--TOPICAL TERM
Topical term or geographic name as entry element PEDODONTICS
942 ## - ADDED ENTRY ELEMENTS (KOHA)
Source of classification or shelving scheme Dewey Decimal Classification
Koha item type Books
Holdings
Withdrawn status Lost status Source of classification or shelving scheme Damaged status Not for loan Home library Current library Shelving location Date acquired SGTU Total Checkouts Full call number Accession No. (Barcode) Date last seen Bill Date Koha item type
    Dewey Decimal Classification     SGT Dental Library SGT Dental Library Text Book 14/09/2021 SGTU   617.632 P92D FD8471 14/09/2021 14/09/2021 Books